Trái cây trị bệnh

Cuốn sách là một bộ sưu tập 78 loại trái cây có khả năng trị nhiều loại bệnh khác nhau, từ bệnh thông thường đến phức tạp. Mỗi loại trái được tác giả giới thiệu về đặc điểm tự nhiên, nhận dạng, y học, và chuẩn trị một số bệnh c...

全面介紹

Đã lưu trong:
書目詳細資料
格式: 圖書
語言:Undetermined
出版: Hà Nội Lao Động 2008
主題:
標簽: 添加標簽
沒有標簽, 成為第一個標記此記錄!
Thư viện lưu trữ: Trung tâm Học liệu Trường Đại học Cần Thơ
LEADER 01144nam a2200217Ia 4500
001 CTU_142448
008 210402s9999 xx 000 0 und d
020 |c 27000 
082 |a 581.632 
082 |b Tr103 
245 0 |a Trái cây trị bệnh 
245 0 |c Đỗ Mỹ Linh biên soạn 
260 |a Hà Nội 
260 |b Lao Động 
260 |c 2008 
520 |a Cuốn sách là một bộ sưu tập 78 loại trái cây có khả năng trị nhiều loại bệnh khác nhau, từ bệnh thông thường đến phức tạp. Mỗi loại trái được tác giả giới thiệu về đặc điểm tự nhiên, nhận dạng, y học, và chuẩn trị một số bệnh cụ thể. 
650 |a Plant extracts,Folk medicine,Diet therapy,Y học dân gian,Trích dẫn thực vật,Món ăn bài thuốc 
650 |x Therapeutic use,Sử dụng chữa bệnh 
650 |z Vietnam,Vietnam,Vietnam,Việt Nam,Việt Nam,Việt Nam 
904 |i Trọng Hiếu 
980 |a Trung tâm Học liệu Trường Đại học Cần Thơ